000 00755nam a2200193Ii 4500
003 JO-AjNU
008 230605s9999||||xx |||||||||||||| ||und||
040 _aJO-AjNU
_bara
_erda
_cJO-AjNU
041 _aara
050 1 4 _aLC1918.H3738 1986
100 3 _aحسان،حسن محمد إبراهيم,
_eauthor
_97768
245 0 0 _aطفل ما قبل المدرسة الإبتدائية (دراسات وبحوث تربوية)
264 3 1 _aالرياض:مكتبة الطالب الجامعي،1986
300 _a262ص
336 _atext
_btxt
_2rdacontent
337 _aunmediated
_bn
_2rdamedia
338 _avolume
_bnc
_2rdacarrier
650 4 _a التعليم-بحوث-العالم العربي. التعليم-نظريات-العالم العربي.
_97769
999 _aA447
_c4015
_d4015